مكتبة جامعة عجلون الوطنية

فهرس بحث المكتبة

مدى وعي معلمات رياض الأطفال بمؤشرات صعوبات الكتابة في مرحلة الروضة = The Extent of Kindergarten Teachers' Awareness of Indicators of Writing Disabilities in Kindergarten (Record no. 33924)

MARC details
000 -LEADER
fixed length control field 01047nam a22001937a 4500
003 - CONTROL NUMBER IDENTIFIER
control field JO-AjAnu
005 - DATE AND TIME OF LATEST TRANSACTION
control field 20250713200555.0
008 - FIXED-LENGTH DATA ELEMENTS--GENERAL INFORMATION
fixed length control field 250713b jo ||||| |||| 00| 0 ara d
040 ## - CATALOGING SOURCE
Original cataloging agency anu
Transcribing agency JO-AjAnu
041 ## - LANGUAGE CODE
Language code of original ara
100 ## - MAIN ENTRY--PERSONAL NAME
Personal name الصقر، وفاء محمد سالم
Relator term معد
9 (RLIN) 66560
245 ## - TITLE STATEMENT
Title مدى وعي معلمات رياض الأطفال بمؤشرات صعوبات الكتابة في مرحلة الروضة = The Extent of Kindergarten Teachers' Awareness of Indicators of Writing Disabilities in Kindergarten
Statement of responsibility, etc. / إعداد وفاء محمد سالم الصقر ؛ اشراف ريم عبدالله الكناني
260 ## - PUBLICATION, DISTRIBUTION, ETC.
Date of publication, distribution, etc. 2025
300 ## - PHYSICAL DESCRIPTION
Extent 70 ورقة
500 ## - GENERAL NOTE
General note رسالة جامعية ( رسالة ماجستير في التربية الخاصة) - جامعة عجلون الوطنية (الاردن-عجلون)، كلية العلوم التربوية ، 2025
650 ## - SUBJECT ADDED ENTRY--TOPICAL TERM
Form subdivision الكتابة-صعوبات التعلم
700 ## - ADDED ENTRY--PERSONAL NAME
Personal name الكناني، ريم عبدالله
9 (RLIN) 64923
Relator term مشرف
942 ## - ADDED ENTRY ELEMENTS (KOHA)
Source of classification or shelving scheme Library of Congress Classification
Koha item type Thesis
Suppress in OPAC No
Holdings
Withdrawn status Lost status Source of classification or shelving scheme Damaged status Not for loan Home library Current library Date acquired Total Checkouts Full call number Barcode Date last seen Price effective from Koha item type
    Library of Congress Classification     مكتبة جامعة عجلون الوطنية مكتبة جامعة عجلون الوطنية 13/07/2025   LC3965.2025 A30311 13/07/2025 13/07/2025 Thesis
    Library of Congress Classification     مكتبة جامعة عجلون الوطنية مكتبة جامعة عجلون الوطنية 13/07/2025   LC3965.2025 A30312 13/07/2025 13/07/2025 Thesis